| 000 | 00578nam a2200181Ia 4500 | ||
|---|---|---|---|
| 008 | 140626s9999 xx 000 0 und d | ||
| 100 | _aSmith, Marianne. | ||
| 245 |
_aDepression treatment in assisted living settings : _bis an innovative approach feasible? / _cMarianne Smith ... [et al.]. |
||
| 260 | _cc2013. | ||
| 300 | _a6 : 1, page 98 | ||
| 440 | _aResearch in Gerontological Nursing | ||
| 521 | _aNUR | ||
| 650 | _aDepression. | ||
| 650 | _aFeasibility approach. | ||
| 650 | _aTreatment/intervention. | ||
| 650 | _aWelfare assisted living setting. | ||
| 942 | _cSE | ||
| 999 |
_c121457 _d121457 |
||